|
|
|
|
| LEADER |
00000cam a2200000 7i4500 |
| 001 |
0000003150 |
| 005 |
20230530.0 |
| 008 |
991202 nyu eng |
| 020 |
|
|
|a 047150968x (hbk)
|
| 040 |
|
|
|a INS
|
| 090 |
0 |
0 |
|a QA76.76.C65
|b .M35 1991
|
| 100 |
1 |
|
|a Mak, Ronald
|
| 245 |
1 |
0 |
|a Writing compilers and interpreters :
|b an applied approach
|c Ronald Mak
|
| 260 |
|
|
|a New York :
|b John Wiley & Sons, Inc. ,
|c c1991
|
| 300 |
|
|
|a x, 516 p. :
|b ill. ;
|c 25 cm.
|
| 500 |
|
|
|a Includes index
|
| 650 |
|
0 |
|a Compilers (Computer Programs)
|
| 650 |
|
0 |
|a IBM Personal Computer
|x Programming
|
| 650 |
|
0 |
|a Interpreters (Computer Programs)
|
| 650 |
|
0 |
|a Pascal (Computer program language)
|
| 999 |
|
|
|a 0000005035
|b BOOK
|c Open Shelf
|e Default branch
|
| 999 |
|
|
|a 0000005063
|b BOOK
|c Open Shelf
|e Default branch
|